[Event "VIII Rector Cup"]
[Site "Kharkiv UKR"]
[Date "2006.03.31"]
[Round "5"]
[White "Koepke,C"]
[Black "Gasanov,E"]
[Result "0-1"]
[WhiteElo "2274"]
[BlackElo "2414"]

1.e4 c5 2.Nf3 Nc6 3.d4 cxd4 4.Nxd4 Nf6 5.Nc3 d6 6.Bg5 Qb6 7.Be3 a6 8.Qd2 Qxb2
9.Rb1 Qa3 10.Be2 Qa5 11.Nxc6 bxc6 12.Bb6 Qe5 13.f4 Qe6 14.O-O Qd7 15.Qe3 e6
16.Qg3 h5 17.Rfd1 h4 18.Qg5 Rb8 19.Bf2 Rxb1 20.Rxb1 h3 21.Qa5 Be7 22.Bxa6 O-O
23.Be2 hxg2 24.Rb3 e5 25.fxe5 Ng4 26.Nd1 Nxe5 27.Qd2 f5 28.Qf4 Ng6 29.Qg3 Nh4
30.Bd4 Bd8 31.Bc4+ d5 32.exd5 Kh7 33.Bd3 cxd5 34.Rb5 g6 35.Qf4 g5 36.Qg4 Kh6
37.Qh3 g4 38.Be3+ f4 39.Rb6+ Kh5 40.Bg6+ Kg5 41.Bxf4+ Rxf4 42.Qe3 Bxb6  0-1

[Event "TCh-FRA Top 16 Gp A"]
[Site "Montpellier FRA"]
[Date "2006.03.31"]
[Round "5"]
[White "Calistri,T"]
[Black "Conquest,S"]
[Result "0-1"]
[WhiteElo "2382"]
[BlackElo "2522"]

1.e4 c5 2.Nf3 d6 3.d4 cxd4 4.Nxd4 Nf6 5.Nc3 Nc6 6.Bg5 Qb6 7.Nb3 e6 8.Qd2 Be7
9.O-O-O a6 10.f3 Qc7 11.h4 b5 12.h5 h6 13.Bxf6 gxf6 14.Nd4 Ne5 15.f4 Ng4
16.Be2 Nf2 17.Bxb5+ axb5 18.Ndxb5 Qb6  0-1

[Event "VIII Rector Cup"]
[Site "Kharkiv UKR"]
[Date "2006.04.01"]
[Round "6"]
[White "Averjanov,A"]
[Black "Gasanov,E"]
[Result "1/2-1/2"]
[WhiteElo "2394"]
[BlackElo "2414"]

1.e4 c5 2.Nf3 Nc6 3.d4 cxd4 4.Nxd4 Nf6 5.Nc3 d6 6.Bg5 e6 7.Qd2 a6 8.O-O-O h6
9.Be3 Qc7 10.f3 Ne5 11.Kb1 b5 12.Ndxb5 axb5 13.Nxb5 Qc6 14.Nxd6+ Bxd6 15.Qxd6 Qxd6
16.Rxd6 Bd7 17.Be2 Rc8 18.b3 Ke7 19.Rhd1 Rc6 20.Rxc6 Nxc6 21.Bc5+ Kd8 22.Bb5 Kc7
23.a4 Ra8 24.Kb2 Ne8 25.Be7 Rb8 26.Bf8 Ne5 27.Bxd7 Nxd7 28.Be7 Nb6 29.Ka3 Kc6
30.c4 Rb7 31.Bh4 Nd6 32.Rc1 Ndxc4+ 33.bxc4 Ra7 34.Bf2 Rxa4+ 35.Kb3 Ra8 36.Bxb6 Kxb6
37.Rd1 Kc6 38.e5 Ra5 39.f4 Kc7 40.h4 h5 41.g3 g6 42.Rd2 Ra7 43.Ra2 Rb7+ 44.Kc3 Kc6
45.Ra6+ Kc5 46.Ra8 Rc7 47.Rb8 Kc6 48.Kb4 Rd7 49.Rf8 Rb7+ 50.Kc3 Rd7 51.Rb8 Kc7
52.Ra8 Kc6 53.Ra6+ Kc5 54.Ra5+ Kb6 55.Rb5+ Kc6 56.Rb1 Kc5 57.Rb8 Kc6 58.Kb4 Kc7
59.Ra8 Kb7 60.Rf8 Kc6 61.Kc3 Kb6 62.Kb4 Kc6 63.c5 Rb7+ 64.Kc4 Ra7 65.Rc8+ Kb7
66.Rd8 Kc7 67.Rf8 Kc6 68.Rc8+ Kb7 69.Rd8 Kc7 70.Rd3 Ra1 71.Rb3 Kc6 72.Rb6+ Kc7
73.Rb3 Kc6 74.Rb8 Rc1+ 75.Kd4 Rd1+ 76.Ke4 Rd7 77.Rc8+ Kb7 78.Rf8 Kc6 79.Rc8+ Kb7
80.c6+ Kxc8 81.cxd7+ Kxd7 82.Kd4 Kc6 83.Kc4  1/2-1/2

[Event "43rd ch-IND"]
[Site "Visakhapatnam IND"]
[Date "2006.04.03"]
[Round "1"]
[White "Ganguly,S"]
[Black "Gupta,Ab"]
[Result "1-0"]
[WhiteElo "2579"]
[BlackElo "2434"]

1.e4 c5 2.Nf3 d6 3.d4 cxd4 4.Nxd4 Nf6 5.Nc3 Nc6 6.Bg5 e6 7.Qd2 Be7 8.O-O-O Nxd4
9.Qxd4 O-O 10.f4 Qa5 11.Bc4 Bd7 12.e5 dxe5 13.fxe5 Bc6 14.Bd2 Nd7 15.Nd5 Qd8
16.Nxe7+ Qxe7 17.Rhe1 Rfd8 18.Qg4 Nf8 19.Bd3 Rd5 20.Be4 Rd7 21.Bb4 Rxd1+
22.Rxd1 Qc7 23.Bd6 Qb6 24.Bxc6 Qxc6 25.Qf3 Qxf3 26.gxf3 Ng6 27.Rd4 Rd8 28.b4 f6
29.f4 a6 30.Rc4 fxe5 31.fxe5 Rd7 32.Rc8+ Kf7 33.c4 Ne7 34.Rh8 h6 35.a4 Ng8
36.c5 g6 37.b5 Kg7 38.Rxg8+ Kxg8 39.b6 Kf7 40.c6 bxc6 41.Bc7 Rd4 42.Bd6 c5
43.b7 Rb4 44.b8=Q Rxb8 45.Bxb8 g5 46.Kd2 Kg6 47.Kd3 Kf5 48.Kc4 h5 49.Kxc5 h4
50.Kd6 g4 51.Ba7 g3 52.h3 a5 53.Bb6 g2 54.Bg1 Kf4 55.Kxe6 Kg3 56.Kf5 Kxh3
57.e6  1-0

[Event "FSGM April"]
[Site "Budapest HUN"]
[Date "2006.04.04"]
[Round "4"]
[White "Morrison,G SCO"]
[Black "Pataki,G"]
[Result "1/2-1/2"]
[WhiteElo "2326"]
[BlackElo "2375"]

1.e4 c5 2.Nf3 Nc6 3.d4 cxd4 4.Nxd4 Nf6 5.Nc3 d6 6.Bg5 e6 7.Qd2 a6 8.O-O-O h6
9.Be3 Be7 10.f3 Nxd4 11.Bxd4 b5 12.Kb1 Bb7 13.g4 b4 14.Na4 Bc6 15.Nb6 Rb8
16.Nc4 d5  1/2-1/2

[Event "32nd ch-IND w"]
[Site "Visakhapatnam IND"]
[Date "2006.04.07"]
[Round "6"]
[White "Soumya,S"]
[Black "Kiran,M"]
[Result "1/2-1/2"]
[WhiteElo "2156"]
[BlackElo "2096"]

1.e4 c5 2.Nf3 Nc6 3.d4 cxd4 4.Nxd4 Nf6 5.Nc3 d6 6.Bg5 e6 7.Qd2 Be7 8.O-O-O O-O
9.f3 a6 10.Be3 Qc7 11.g4 b5 12.Nxc6 Qxc6 13.Ne2 Bb7 14.Nd4 Qc7 15.Kb1 Rfe8
16.h4 Nd7 17.g5 Ne5 18.Qg2 Nc4 19.Bxc4 bxc4 20.g6 Bf6 21.Bg5 Be5 22.h5 Rab8
23.c3 d5 24.f4 Bxd4 25.Rxd4 dxe4 26.gxh7+ Kxh7 27.Rhd1 Rg8 28.Qd2 Bc6 29.Rxc4 Qb6
30.Re1 Bd5 31.Rb4 Qa5 32.b3 Rxb4 33.cxb4 Qb5 34.Kb2 Rc8 35.Rd1 Qb8 36.h6 f6
37.Bh4 g5 38.fxg5 Qe5+ 39.Ka3 e3 40.Qd3+ Qe4 41.Qxe4+ Bxe4 42.Re1 f5 43.Rxe3 Kg6
44.Re2 Rc3 45.Rh2 f4 46.h7 Rc8 47.Re2 Bf5  1/2-1/2

[Event "43rd ch-IND"]
[Site "Visakhapatnam IND"]
[Date "2006.04.09"]
[Round "10"]
[White "Ganguly,S"]
[Black "Deepan,C"]
[Result "1/2-1/2"]
[WhiteElo "2579"]
[BlackElo "2428"]

1.e4 c5 2.Nf3 d6 3.d4 cxd4 4.Nxd4 Nf6 5.Nc3 Nc6 6.Bg5 e6 7.Qd2 a6 8.O-O-O Be7
9.f3 Bd7 10.Kb1 Rc8 11.Be3 h5 12.g3 b5 13.h3 Nxd4 14.Qxd4 e5 15.Qd2 Be6 16.Nd5 Nxd5
17.exd5 Bf5 18.Bd3 Bxd3 19.Qxd3 O-O 20.Rhg1 Qd7 21.f4 Qxh3 22.fxe5 Qg4 23.Rgf1 Qc4
24.Qf5 Qg4 25.Qf2 dxe5 26.d6 Rcd8 27.Rd4 exd4 28.dxe7 dxe3 29.Qxf7+ Kh7 30.exf8=N+ Kh8
31.Ng6+  1/2-1/2

[Event "32nd ch-IND w"]
[Site "Visakhapatnam IND"]
[Date "2006.04.10"]
[Round "9"]
[White "Swathi,G"]
[Black "Kiran,M"]
[Result "1-0"]
[WhiteElo "2244"]
[BlackElo "2096"]

1.e4 c5 2.Nf3 Nc6 3.d4 cxd4 4.Nxd4 Nf6 5.Nc3 d6 6.Bg5 e6 7.Qd2 Be7 8.O-O-O O-O
9.Nb3 Qb6 10.f3 Rd8 11.Nb5 Rd7 12.Qe1 Qd8 13.h4 a6 14.N5d4 Rc7 15.Bd2 Qe8
16.Kb1 Bd7 17.g4 Rac8 18.h5 Nxd4 19.Nxd4 e5 20.Nf5 Be6 21.Nxe7+ Qxe7 22.Rc1 Nd7
23.g5 Nf8 24.Qe3 Qd7 25.b3 b5 26.Bd3 a5 27.Bxa5 Ra7 28.Bb4 Rca8 29.a3 Qc6
30.Kb2 Nd7 31.g6 Nc5 32.gxh7+ Kh8 33.Rcg1 Qb6 34.Qd2 Rc8 35.Be2 Rac7 36.Bd1 Nb7
37.Rxg7 Kxg7 38.Qg5+ Kxh7 39.Rg1 Qd4+ 40.Kb1 Qxg1 41.Qxg1 Nc5 42.Be2 Rg8
43.Qd1 Nb7 44.Bxb5 f6 45.Ba6 Rg2 46.Bxb7 Rxb7 47.Qxd6  1-0

[Event "43rd ch-IND"]
[Site "Visakhapatnam IND"]
[Date "2006.04.10"]
[Round "11"]
[White "Sharma,Di"]
[Black "Gupta,Ab"]
[Result "0-1"]
[WhiteElo "2370"]
[BlackElo "2434"]

1.e4 c5 2.Nf3 d6 3.d4 cxd4 4.Nxd4 Nf6 5.Nc3 Nc6 6.Bg5 e6 7.Qd2 a6 8.O-O-O Bd7
9.f4 b5 10.Bxf6 gxf6 11.f5 Qb6 12.fxe6 fxe6 13.Nxc6 Bxc6 14.Qf4 h5 15.Qxf6 Qe3+
16.Kb1 Rh6 17.Qh4 Be7 18.Qe1 Qxe1 19.Rxe1 Kd7 20.Bd3 Rg8 21.g3 h4 22.a4 b4
23.Ne2 a5 24.b3 Bf6 25.Kc1 Ke7 26.Kd1 Be5 27.Kd2 Bf6 28.Kd1 Rgh8 29.Rhg1 hxg3
30.hxg3 Rh2 31.Nf4 Be8 32.Re2 Bg5 33.Rxh2 Rxh2 34.Rf1 Bf6 35.Bc4 Bf7 36.Bd3 Be5
37.Be2 Bd4 38.Ke1 Be8 39.Bd3 Bc3+ 40.Kd1 Bf7 41.Be2 d5 42.exd5 e5 43.Nd3 Bxd5
44.Rf2 Rh3 45.Bf3 Be6 46.Rg2 e4 47.Bxe4 Bg4+ 48.Re2 Kd6 49.Nf2 Rxg3  0-1

[Event "FSIM April"]
[Site "Budapest HUN"]
[Date "2006.04.11"]
[Round "11"]
[White "Lengyel,B"]
[Black "Solomons,D"]
[Result "1/2-1/2"]
[WhiteElo "2313"]
[BlackElo "2226"]

1.e4 c5 2.Nf3 Nc6 3.d4 cxd4 4.Nxd4 Nf6 5.Nc3 d6 6.Bg5 e6 7.Bb5 Bd7 8.O-O Qb6
9.Nb3 a6 10.Be2 Qc7 11.f4 Be7 12.Qe1 O-O-O 13.Bh4 h6 14.Bg3 Ne8 15.Rd1 Kb8
16.e5 f5 17.exf6  1/2-1/2

[Event "32nd ch-IND w"]
[Site "Visakhapatnam IND"]
[Date "2006.04.12"]
[Round "12"]
[White "Kiran,M"]
[Black "Ramaswamy,A"]
[Result "1/2-1/2"]
[WhiteElo "2096"]
[BlackElo "2239"]

1.e4 c5 2.Nf3 d6 3.d4 cxd4 4.Nxd4 Nf6 5.Nc3 Nc6 6.Bg5 e6 7.Qd2 h6 8.Bxf6 gxf6
9.O-O-O a6 10.f4 Bd7 11.Be2 h5 12.Kb1 Qc7 13.Bf3 Be7 14.Rhe1 Nxd4 15.Qxd4 Qc5
16.Qxc5 dxc5 17.e5 O-O-O 18.exf6 Bxf6 19.Ne4 Be7 20.Nd6+ Bxd6 21.Rxd6 Bc6
22.Rxd8+ Kxd8 23.Bxc6 bxc6 24.Kc1 Rg8 25.Re2 Rg4 26.g3 h4 27.Re3 Kc7 28.Kd2 hxg3
29.hxg3 Rg8 30.Ke2 Rb8 31.Rb3 Rh8 32.Kf3 f5 33.Re3 Kd6 34.Rd3+ Kc7 35.Rc3 Kd6
36.Rd3+ Kc7 37.Rc3  1/2-1/2

[Event "LII Nacional Abierto"]
[Site "Mexico City MEX"]
[Date "2006.04.13"]
[Round "4"]
[White "Sanchez Enr.,O"]
[Black "Hernandez,Gi"]
[Result "0-1"]
[WhiteElo "2203"]
[BlackElo "2530"]

1.e4 c5 2.Nf3 Nc6 3.d4 cxd4 4.Nxd4 Nf6 5.Nc3 d6 6.Bg5 Qb6 7.Nb3 e6 8.Qd2 a6
9.O-O-O Be7 10.f4 O-O 11.Bd3 Qc7 12.h4 b5 13.g4 Nb4 14.Bxf6 Bxf6 15.g5 Bxc3
16.bxc3 Nxd3+ 17.cxd3 Bb7 18.Kb2 d5 19.Rhe1 dxe4 20.dxe4 Rac8 21.Qe3 f6 22.Nd4 Rce8
23.gxf6 Rxf6 24.e5 Rf7 25.Nb3 Qe7 26.Qg3 Ref8 27.Rd4 Bd5 28.Nc1 Rf5 29.Re2 Qf7
30.Rf2 Rxe5 31.Nd3 Rf5 32.Rd2 Qg6 33.Qe1 Qh6 34.Re2 Bc4 35.Re5 R5f6  0-1

[Event "17th Pobeskydi Arcimpex Cup"]
[Site "Frydek Mistek CZE"]
[Date "2006.04.14"]
[Round "3"]
[White "Meszaros,Mi"]
[Black "Michenka,J"]
[Result "1-0"]
[WhiteElo "2362"]
[BlackElo "2385"]

1.e4 c5 2.Nf3 Nc6 3.d4 cxd4 4.Nxd4 Nf6 5.Nc3 d6 6.Bg5 e6 7.Qd2 a6 8.O-O-O h6
9.Be3 Ng4 10.Nxc6 bxc6 11.Bc5 Qg5 12.Qxg5 hxg5 13.Be2 e5 14.h3 dxc5 15.Bxg4 Bxg4
16.hxg4 Rxh1 17.Rxh1 O-O-O 18.f3 Kc7 19.Rd1 Rb8 20.Nb1 c4 21.c3 Bc5 22.Kc2 Rh8
23.Nd2 Rh2 24.Nxc4 Rxg2+ 25.Rd2 Rg3 26.Rd3 Rg2+ 27.Rd2 Rg3 28.b4 Bg1 29.Rd3 f6
30.Nd6 Kb6 31.Nf5 Rh3 32.Nxg7 a5 33.bxa5+ Kxa5 34.Kb3 Bc5 35.Kc4 Ba3 36.Nh5 Rh2
37.Nxf6 Be7 38.Ng8 Ba3 39.Kb3 Bc1 40.a4 Rb2+ 41.Kc4 Ra2 42.Kc5 Kxa4 43.Kxc6 Kb3
44.Ne7 Kc2 45.Rd5 Bf4 46.c4 Ra3 47.c5 Rxf3 48.Kd7 Re3 49.c6 Rxe4 50.c7 Rc4
51.Nc6 e4 52.c8=Q e3 53.Nd4+  1-0

[Event "17th Pobeskydi Radegast Cup"]
[Site "Frydek Mistek CZE"]
[Date "2006.04.14"]
[Round "3"]
[White "Hrabusa,M"]
[Black "Belunek,V"]
[Result "1/2-1/2"]
[WhiteElo "2077"]
[BlackElo "2262"]

1.e4 c5 2.Nf3 d6 3.d4 cxd4 4.Nxd4 Nf6 5.Nc3 Nc6 6.Bg5 e6 7.Qd2 a6 8.f3 Bd7
9.O-O-O Qc7 10.Kb1 O-O-O 11.h4 h5 12.g3 Ne5 13.f4 Neg4 14.Bg2 Be7 15.Rhe1 Ng8
16.Bxe7 Nxe7  1/2-1/2

[Event "KB Bank"]
[Site "Reykjavik ISL"]
[Date "2006.04.14"]
[Round "5"]
[White "Bjornsson,Si"]
[Black "Gretarsson,Hj"]
[Result "1-0"]
[WhiteElo "2335"]
[BlackElo "2087"]

1.e4 c5 2.Nf3 Nc6 3.d4 cxd4 4.Nxd4 Nf6 5.Nc3 d6 6.Bg5 e6 7.Qd2 a6 8.O-O-O h6
9.Be3 Qc7 10.f3 Rb8 11.Kb1 Be7 12.g4 Ne5 13.h4 b5 14.Bd3 b4 15.Nce2 d5 16.g5 Ng8
17.exd5 exd5 18.Bf4 Bd6 19.Qe3 Kf8 20.Bxe5 Bxe5 21.f4 Bd6 22.f5 hxg5 23.hxg5 Rxh1
24.Rxh1 Bd7 25.Qf3 Qb7 26.Rh8 Be5 27.f6 gxf6 28.gxf6 Qb6 29.Rxg8+  1-0

[Event "10th Neckar Open A"]
[Site "Deizisau GER"]
[Date "2006.04.16"]
[Round "6"]
[White "Berelovich,A"]
[Black "Rau,H"]
[Result "1-0"]
[WhiteElo "2571"]
[BlackElo "2395"]

1.e4 c5 2.Nf3 d6 3.d4 cxd4 4.Nxd4 Nf6 5.Nc3 Nc6 6.Bg5 e6 7.Qd2 Be7 8.O-O-O Nxd4
9.Qxd4 O-O 10.f4 Qa5 11.Be2 Bd7 12.Kb1 Bc6 13.Bf3 Rfd8 14.h4 b5 15.Qe3 Qb6
16.Qxb6 axb6 17.e5 Bxf3 18.gxf3 b4 19.exf6 gxf6 20.Nd5 exd5 21.Bh6 Kh8 22.Rhe1 Ra7
23.Rg1 Bf8 24.Bxf8 Rxf8 25.Rxd5 Rfa8 26.Re1 Kg7 27.Re4 Rxa2 28.Kc1 b3 29.cxb3 Ra1+
30.Kc2 Rh1 31.f5 Raa1 32.b4 Rh2+ 33.Kb3 Rf1 34.Kc4 Rxf3 35.Kb5 Rxb2 36.Kxb6 Kh6
37.Kc6 Rfb3 38.Rdd4 Rf3 39.Rf4 Rc2+ 40.Kxd6 Rd2 41.Rxd2 Rxf4 42.Rb2 Rxh4
43.b5 Re4 44.Kd7 Ra4 45.b6 Ra8 46.b7 Rb8 47.Kc7 Rxb7+ 48.Rxb7 Kg5 49.Kd6 h5
50.Rxf7 Kxf5 51.Kd5 h4 52.Kd4 Kf4 53.Rxf6+ Kg3 54.Ke3 h3 55.Rg6+  1-0

[Event "10th Neckar Open A"]
[Site "Deizisau GER"]
[Date "2006.04.16"]
[Round "7"]
[White "Bobras,P"]
[Black "Boidman,Y"]
[Result "1/2-1/2"]
[WhiteElo "2535"]
[BlackElo "2439"]

1.e4 c5 2.Nf3 Nc6 3.d4 cxd4 4.Nxd4 Nf6 5.Nc3 d6 6.Bg5 e6 7.Qd2 a6 8.O-O-O Bd7
9.f4 b5 10.Bxf6 gxf6 11.Kb1 h5 12.Nxc6 Bxc6 13.Bd3 b4 14.Ne2 Qb6 15.Rhe1 a5
16.Nc1 a4 17.Bc4 Qc5 18.Bd5 Bxd5 19.exd5 e5 20.Re4 f5 21.Rxb4 e4 22.Qd4 Rg8
23.Rxa4 Rxa4 24.Qxa4+ Ke7 25.g3 h4 26.Ne2 Bg7 27.gxh4 Rb8 28.c3 Qf2 29.Qc2 Qxh2
30.Nd4 Qxc2+ 31.Kxc2 Bxd4 32.Rxd4 Rh8 33.a4 Rxh4 34.a5 Rxf4 35.a6 Rf2+ 36.Kb3 e3
37.a7 e2 38.a8=Q e1=Q 39.Rb4 Qe2 40.Rb7+ Kf6 41.Qd8+ Kg6 42.Qxd6+ Kh5 43.Ka2 Qc4+
44.Ka3 Qf1 45.Ka2 Qc4+ 46.Ka3 Qf1 47.Ka2  1/2-1/2

[Event "7th ch-Euro t/b qual"]
[Site "Kusadasi TUR"]
[Date "2006.04.16"]
[Round "2.2"]
[White "Balogh,C"]
[Black "Palac,M"]
[Result "1-0"]
[WhiteElo "2576"]
[BlackElo "2561"]

1.e4 c5 2.Nf3 d6 3.Nc3 Nc6 4.d4 cxd4 5.Nxd4 Nf6 6.Bg5 e6 7.Qd2 Be7 8.O-O-O a6
9.h4 h6 10.Bxh6 gxh6 11.Bc4 Qb6 12.Nce2 Qc5 13.Bb3 Na5 14.Nc6 Nxc6 15.Nd4 b5
16.f4 Bb7 17.Rhe1 d5 18.Kb1 O-O-O 19.Qe2 Kb8 20.g3 Rde8 21.Rd3 Qc3 22.Rxc3 b4
23.Rc4 a5 24.f5 exf5 25.exf5 Reg8 26.Qg4 Rxg4 27.Rxe7 Rf4 28.h5  1-0

[Event "10th Neckar Open A"]
[Site "Deizisau GER"]
[Date "2006.04.17"]
[Round "9"]
[White "Spoelman,W"]
[Black "Likavsky,T"]
[Result "0-1"]
[WhiteElo "2442"]
[BlackElo "2492"]

1.e4 c5 2.Nf3 d6 3.d4 cxd4 4.Nxd4 Nf6 5.Nc3 Nc6 6.Bg5 e6 7.Qd2 a6 8.O-O-O Nxd4
9.Qxd4 Be7 10.f4 b5 11.Kb1 Bb7 12.Bd3 O-O 13.e5 dxe5 14.Qxe5 Qe8 15.f5 h6
16.Bc1 Nd5 17.fxe6 Nxc3+ 18.Qxc3 fxe6 19.Rhe1 Bf6 20.Qc7 Bd5 21.Be4 Rc8 22.Qg3 Bxe4
23.Rxe4 Rxc2 24.Qb3 Rxg2 25.Rxe6 Qg6+ 26.Ka1 Kh8 27.h3 Rc8 28.Rde1 Kh7 29.Rd1 Rgc2
30.Ree1 Qf5 31.Rg1 a5 32.a3 Qc5 33.Kb1 Qf5 34.Ka1 a4 35.Qe3 Rf2 36.Rd5 Rxc1+  0-1

[Event "32nd ch-IND w"]
[Site "Visakhapatnam IND"]
[Date "2006.04.17"]
[Round "19"]
[White "Amrutha,M"]
[Black "Kiran,M"]
[Result "1-0"]
[WhiteElo "2126"]
[BlackElo "2104"]

1.e4 c5 2.Nf3 Nc6 3.d4 cxd4 4.Nxd4 Nf6 5.Nc3 d6 6.Bg5 e6 7.Qd2 Be7 8.O-O-O O-O
9.Nb3 Qb6 10.f3 Rd8 11.Nb5 Rd7 12.Qe1 a6 13.N5d4 Qd8 14.h4 Rc7 15.g4 Nxd4
16.Nxd4 b5 17.Bd2 Qe8 18.Ba5 Rb7 19.Kb1 Nd7 20.g5 Ne5 21.f4 Nc6 22.Nxc6 Qxc6
23.Rh2 Rab8 24.c3 Bf8 25.Rhd2 Rd7 26.Bg2 Bb7 27.h5 Qc8 28.Qg3 Qe8 29.f5 exf5
30.exf5 Be4+ 31.Ka1 Bxg2 32.Qxg2 Re7 33.g6 Re5 34.gxh7+ Kxh7 35.h6 gxh6 36.Bc7 Rc8
37.Bxd6 Bxd6 38.Rxd6 Qg8 39.Rxh6+ Kxh6 40.Rh1+  1-0

[Event "TCh-NED 2005-6"]
[Site "Netherlands NED"]
[Date "2006.04.23"]
[Round "9"]
[White "Spoelman,W"]
[Black "Motwani,P"]
[Result "1-0"]
[WhiteElo "2376"]
[BlackElo "2505"]

1.e4 c5 2.Nf3 Nc6 3.d4 cxd4 4.Nxd4 Nf6 5.Nc3 d6 6.Bg5 e6 7.Qd2 a6 8.O-O-O Bd7
9.f4 b5 10.Bxf6 gxf6 11.Kb1 Qb6 12.Nxc6 Bxc6 13.Qe1 Ra7 14.Bd3 h5 15.Qh4 Qc5
16.f5 Qe5 17.Rhe1 Bh6 18.Nd5 Kf8 19.Qf2 Rb7 20.fxe6 fxe6 21.Nxf6 Kg7 22.Rf1 Bg5
23.Nxh5+ Rxh5 24.Qf8+ Kg6 25.Qc8 Bf6 26.c3 Rxh2 27.Qxc6 Re7 28.Qc8 Bg7 29.Rd2 Rh8
30.Qxa6 Rb8 31.a3 Rc7 32.Qa5 Rc5 33.Qa7 Rbc8 34.Qf7+ Kg5 35.Rh1 Rh8 36.Rxh8 Bxh8
37.Rf2 Rc8 38.Qh7 Qg7 39.Qh3 Re8 40.Be2  1-0

[Event "Grand Prix"]
[Site "Galati ROM"]
[Date "2006.04.26"]
[Round "1"]
[White "Stanculescu,C"]
[Black "Murariu,A"]
[Result "0-1"]
[WhiteElo "2214"]
[BlackElo "2474"]

1.e4 c5 2.Nf3 Nc6 3.d4 cxd4 4.Nxd4 Nf6 5.Nc3 d6 6.Bg5 Bd7 7.Qd2 Rc8 8.O-O-O Nxd4
9.Qxd4 Qa5 10.Bxf6 gxf6 11.f4 h5 12.Kb1 Qc5 13.Qxc5 Rxc5 14.Rd5 a6 15.Rxc5 dxc5
16.Bc4 e6 17.Be2 Bd6 18.g3 h4 19.Bf3 Bc7 20.e5 fxe5 21.fxe5 Bxe5 22.Bxb7 Ke7
23.Kc1 hxg3 24.hxg3 Rxh1+ 25.Bxh1 Bxg3 26.Ne4 Bf4+ 27.Kd1 Bc6 28.Nf2 Bxh1
29.Nxh1 f5 30.Ke2 e5 31.Nf2 e4 32.Nd1 Ke6 33.Nc3 Bd6 34.b3 Ke5 35.Na4 f4
36.c3 f3+ 37.Ke3 Be7 38.Nb6 Bg5+ 39.Kf2 Kf4 40.Nd5+ Kg4 41.b4 cxb4 42.cxb4 e3+  0-1

[Event "XXIV Open"]
[Site "Metz FRA"]
[Date "2006.04.26"]
[Round "5"]
[White "Meijers,V"]
[Black "Harovelo,I"]
[Result "1-0"]
[WhiteElo "2482"]
[BlackElo "2223"]

1.e4 c5 2.Nf3 d6 3.d4 cxd4 4.Nxd4 Nf6 5.Nc3 Nc6 6.Bg5 e6 7.Be2 Be7 8.O-O O-O
9.Qd2 Nxd4 10.Qxd4 h6 11.Be3 Bd7 12.Rfd1 Bc6 13.e5 dxe5 14.Qxe5 Nd7 15.Qg3 Bh4
16.Qh3 Bf6 17.Rd3 Qe7 18.Rad1 Ne5 19.Rd6 Rfd8 20.Bc5 Qc7 21.Qe3 Nd7 22.Ba3 Be5
23.R6d3 Bxh2+ 24.Kf1 Bf4 25.Bd6 Qxd6 26.Rxd6 Bxe3 27.fxe3 Kf8 28.Bb5 Bxb5+
29.Nxb5 Ke7 30.R6d4 a6 31.Nd6 Rab8 32.Nxf7 Kxf7 33.Rxd7+ Ke8 34.R7d4 Rbc8
35.c3 Ke7 36.Ke2 Rxd4 37.Rxd4 Rc5 38.a4 Ra5 39.Rb4 Kf6 40.c4 Rc5 41.Rxb7 Rxc4
42.a5 h5 43.Rb6 Kf5 44.Kd3 Rg4 45.Rxa6 Rxg2 46.Rb6 h4 47.a6 Rg1 48.b4 Rd1+
49.Ke2 h3 50.a7 h2 51.a8=Q h1=Q 52.Qf8+ Ke5 53.Qf4+  1-0

[Event "XXIV Open"]
[Site "Metz FRA"]
[Date "2006.04.27"]
[Round "6"]
[White "Del Rio Angelis,S"]
[Black "Romieux,S"]
[Result "1-0"]
[WhiteElo "2516"]
[BlackElo "2228"]

1.e4 c5 2.Nf3 Nc6 3.d4 cxd4 4.Nxd4 Nf6 5.Nc3 d6 6.Bg5 e6 7.Qd2 a6 8.O-O-O Bd7
9.f3 Rc8 10.Kb1 Be7 11.h4 Ne5 12.g4 b5 13.Bd3 h5 14.gxh5 Rxh5 15.f4 Nxd3
16.cxd3 b4 17.Nce2 Qb6 18.Nf3 b3 19.axb3 Qxb3 20.Ng3 Rh8 21.Rc1 Rb8 22.Rc3 Qb6
23.Rhc1 Ng4 24.Bxe7 Kxe7 25.d4 Rb7 26.Ra3 Rhb8 27.Rc2 a5 28.f5 Qb4 29.Qg5+ Nf6
30.Ka1 Bb5 31.fxe6 Bc4 32.Qxa5 Qxa5 33.Rxa5 Bd3 34.Rd2 Bxe4 35.Nxe4 Nxe4
36.Re2 Nf6 37.exf7+ Kxf7 38.Ra6 Rb6 39.Ra7+ Kg6 40.Ka2 R8b7 41.Rxb7 Rxb7
42.Ka3 Kf5 43.Rg2 Ke4 44.Ng5+ Kxd4 45.Ne6+ Kc4 46.Rxg7 Rb3+ 47.Ka2 Re3 48.Rc7+ Kd5
49.Ng5 Rg3 50.Rf7 Ke5 51.Rxf6  1-0

[Event "VII TCh-RUS w"]
[Site "Sochi RUS"]
[Date "2006.04.27"]
[Round "8"]
[White "Kirillova,V"]
[Black "Kosintseva,N"]
[Result "0-1"]
[WhiteElo "2225"]
[BlackElo "2469"]

1.e4 c5 2.Nf3 Nc6 3.d4 cxd4 4.Nxd4 Nf6 5.Nc3 d6 6.Bg5 e6 7.Qd2 a6 8.O-O-O Bd7
9.f3 Be7 10.h4 h6 11.Be3 h5 12.Be2 b5 13.Rdg1 Ne5 14.Kb1 Rc8 15.a3 Qc7 16.Rc1 Qb7
17.Bg5 Rb8 18.Nd1 O-O 19.Ne3 Rfc8 20.Ka2 a5 21.c3 Rc5 22.Nb3 Rcc8 23.Nd4 Qb6
24.Bxf6 Bxf6 25.f4 Ng6 26.g3 b4 27.Nc4 bxc3 28.bxc3 Qc5 29.Nb3 Rxb3 30.Kxb3 d5
31.Ka2 Be7 32.Qd4 dxc4 33.Qxc5 Bxc5 34.Bxh5 Bf2 35.Bxg6 fxg6 36.g4 Be3 37.Rcf1 Ba4
38.h5 g5 39.f5 Bb3+ 40.Ka1 Bf4 41.h6 exf5 42.exf5 Rd8 43.h7+ Kh8 44.Kb2 Rd2+
45.Kb1 Bc2+ 46.Ka1 Be5 47.Rh3 Rd3  0-1

[Event "2nd Halkidiki Open"]
[Site "Kalithea GRE"]
[Date "2006.04.29"]
[Round "7"]
[White "Tsialas,P"]
[Black "Solomons,D"]
[Result "1-0"]
[WhiteElo "2002"]
[BlackElo "2226"]

1.e4 c5 2.Nf3 d6 3.d4 cxd4 4.Nxd4 Nf6 5.Nc3 Nc6 6.Bg5 e6 7.Qd2 Be7 8.O-O-O a6
9.f4 h6 10.Bh4 Bd7 11.Rg1 Qb6 12.Nf3 O-O-O 13.Bf2 Qa5 14.g4 e5 15.f5 b5 16.Qe3 Be8
17.Kb1 Rd7 18.Be1 b4 19.Nd5 Bd8 20.Qe2 Qb5 21.Qxb5 axb5 22.Nxf6 Bxf6 23.Bxb5 Rc7
24.Rxd6 Nd4 25.Nxd4 exd4 26.Ba6+ Kb8 27.Bg3 Ka7 28.Rxf6 gxf6 29.Bxc7 Kxa6
30.Bd8  1-0

[Event "2nd Halkidiki Open"]
[Site "Kalithea GRE"]
[Date "2006.05.01"]
[Round "9"]
[White "Exizoglou,D"]
[Black "Dorfanis,I"]
[Result "1/2-1/2"]
[WhiteElo "2160"]
[BlackElo "2199"]

1.e4 c5 2.Nf3 d6 3.d4 cxd4 4.Nxd4 Nf6 5.Nc3 Nc6 6.Bg5 e6 7.Qd2 a6 8.O-O-O Bd7
9.f4 h6 10.Bh4 Nxe4 11.Qe1 Nf6 12.Nf5 Qa5 13.Nxd6+ Bxd6 14.Rxd6 O-O-O 15.Bxf6 gxf6
16.Be2 Ne7 17.Bf3 Bc6 18.Rxd8+ Rxd8 19.Bxc6 Nxc6 20.Qe3 Nb4 21.a3 Nc6 22.g3 Rd4
23.Rd1 Rxd1+ 24.Kxd1 Qh5+ 25.Qe2 Qc5 26.Kd2 Qd4+ 27.Kc1 f5 28.Nd1 Kc7 29.c3 Qd5
30.Qh5 Na5 31.Qxf7+ Kb6 32.Qf6 Nb3+ 33.Kc2 Na1+ 34.Kc1 Nb3+ 35.Kc2 Na1+  1/2-1/2

[Event "4th TCh-SCG"]
[Site "Vrnjacka Banja SCG"]
[Date "2006.05.03"]
[Round "3"]
[White "Sedlak,N"]
[Black "Markus,R"]
[Result "1/2-1/2"]
[WhiteElo "2564"]
[BlackElo "2585"]

1.e4 c5 2.Nf3 d6 3.d4 cxd4 4.Nxd4 Nf6 5.Nc3 Nc6 6.Bg5 e6 7.Qd2 Be7 8.O-O-O Qb6
9.f4 Qxd4 10.Qxd4 Nxd4 11.Rxd4 a6 12.Bxf6 gxf6 13.Na4 Bd8 14.Rxd6 Bc7 15.Rd4 Bxf4+
16.Kb1 Bd7 17.Nb6 Rd8 18.Nxd7 Rxd7 19.Rxd7 Kxd7 20.Be2 Ke7 21.h3 Rd8 22.Rd1  1/2-1/2

[Event "Open A"]
[Site "Djakovo CRO"]
[Date "2006.05.04"]
[Round "7"]
[White "Stevic,H"]
[Black "Brkic,A"]
[Result "0-1"]
[WhiteElo "2502"]
[BlackElo "2526"]

1.e4 c5 2.Nf3 Nc6 3.d4 cxd4 4.Nxd4 Nf6 5.Nc3 d6 6.Bg5 e6 7.Qd2 a6 8.O-O-O Bd7
9.f4 b5 10.Bxf6 gxf6 11.Kb1 Qb6 12.Nce2 Rc8 13.g3 h5 14.Bh3 b4 15.Nxc6 Bxc6
16.Nd4 Bd7 17.Rhf1 Rc5 18.Qf2 Be7 19.e5 dxe5 20.fxe5 Rxe5 21.Bg2 a5 22.Rd2 Qc5
23.Rfd1 a4 24.Qf4 O-O 25.Nf3 Rf5 26.Qe4 Bc6 27.Qe2 a3 28.Nd4 Re5 29.Qf2 Bxg2
30.Qxg2 f5 31.Nb3 Qe3 32.Qb7 Bf6 33.Qxb4 axb2 34.Rd3 Qg5 35.Nc5 Be7 36.Rc3 Rd5
37.Rf1 Qd2 38.a3 Rc8 39.Ne4 Rxc3 40.Qb8+ Rd8  0-1

[Event "4th TCh-SCG"]
[Site "Vrnjacka Banja SCG"]
[Date "2006.05.04"]
[Round "4"]
[White "Popovic,Du"]
[Black "Djukic,Ni"]
[Result "1/2-1/2"]
[WhiteElo "2496"]
[BlackElo "2523"]

1.e4 c5 2.Nf3 Nc6 3.d4 cxd4 4.Nxd4 Nf6 5.Nc3 d6 6.Bg5 e6 7.Qd2 a6 8.O-O-O h6
9.Be3 Be7 10.f3 Nxd4 11.Bxd4 e5 12.Be3 Be6 13.Kb1 Rc8 14.g4 Qa5 15.Nd5 Qxd2
16.Nxf6+ gxf6 17.Rxd2 h5 18.Rg1 hxg4 19.fxg4 Bc4 20.b3 Bxf1 21.Rxf1 Kd7 22.Rf3 Rh4
23.Rg2 Rch8 24.Bg1 Ke6 25.Rd3  1/2-1/2

[Event "4th TCh-SCG"]
[Site "Vrnjacka Banja SCG"]
[Date "2006.05.06"]
[Round "6"]
[White "Leskur,D"]
[Black "Arsovic,Z"]
[Result "1/2-1/2"]
[WhiteElo "2475"]
[BlackElo "2416"]

1.e4 c5 2.Nf3 d6 3.d4 cxd4 4.Nxd4 Nf6 5.Nc3 Nc6 6.Bg5 e6 7.Qd2 Qb6 8.Nb3 a6
9.O-O-O Qc7 10.f3 Be7 11.Be3 O-O 12.g4 b5 13.g5 Nd7 14.h4 b4 15.Ne2 Nce5
16.Ned4 Nb6 17.Qxb4  1/2-1/2

[Event "FSGM May"]
[Site "Budapest HUN"]
[Date "2006.05.07"]
[Round "2"]
[White "Brinck Claussen,B"]
[Black "Wittmann,W"]
[Result "1/2-1/2"]
[WhiteElo "2359"]
[BlackElo "2372"]

1.e4 c5 2.Nf3 d6 3.d4 cxd4 4.Nxd4 Nf6 5.Nc3 Nc6 6.Bg5 e6 7.Qd2 a6 8.O-O-O Bd7
9.f4 h6 10.Bh4 Nxe4 11.Qe1 Nf6 12.Nf5 Qa5 13.Nxd6+ Bxd6 14.Rxd6 Qc7 15.Qd2 O-O-O
16.Bf2 Ne8 17.Rd3 Nb4 18.Rd4 Nc6 19.Rd3 Nb4 20.Rd4 Nc6 21.Rd3 Nb4  1/2-1/2